| 000 | 02204 a2200181 4500 | ||
|---|---|---|---|
| 020 | _a0750638494 (paperback) | ||
| 020 | _a9780750638494 (paperback) | ||
| 082 | 0 | 4 | _a658.4012 |
| 090 |
_c5357 _d5357 |
||
| 100 | 1 | _aHussey, David E. | |
| 245 | 1 | 0 |
_aStrategic management, fourth edition : _bfrom theory to implementation / _cDavid E. Hussey. |
| 250 | _a4th ed. | ||
| 260 |
_a[S.l.] : _bButterworth-Heinemann, _c1998. |
||
| 300 |
_a700 p. ; _c26 cm. |
||
| 520 | _aA major textbook on strategic management which not only deals fully with the theoretical aspects of corporate planning, but also provides practical guidance on implementation. Now completely revised and updated this book is particularly suitable for the student or manager who needs to relate strategic thinking to current practice. The format has been enlarged and the interior of the book re-designed. The fourth edition treats both analytical and behavioural aspects of planning in depth. Strategic analysis is covered in particular detail, with examples reporting proven - and often original - applications of these theories. Six major case studies have been added to illustrate the application of strategic management theory in practice and a chapter discusses the impact of new approaches to strategy. With comprehensive reference lists, and a guide to research resources, this volume will prove invaluable to researchers and advanced students as well as to the practising manager. A lecturer's resource is available on the BH website which contains a Powerpoint presentation, additional case studies and notes and exercises for seminar use. Details are available by emailing bhmarketing@repp.co.uk 'a highly commendable piece of work, a true compendium for the practitioner and student of planning.' - Journal of Strategic Change (review of the third edition) Now includes international case studies showing strategy in action. Concentrates on developing capability for strategic thinking rather than just providing theory or list of techniques. Practical emphasis to allow readers to sharpen their skills. | ||
| 856 | 4 | 0 |
_3Amazon.com _uhttp://www.amazon.com/exec/obidos/ASIN/0750638494/chopaconline-20 |
| 942 |
_aNBS _cBK _k658.4012 HUS |
||
| 999 |
_c347768 _d347768 |
||